Score 0/10 Timer 02:00
3 Plays Today
Rank State % Correct
1Alaska
94.8%
7North Dakota
89.5%
2Montana
86.1%
9South Dakota
83.3%
6Minnesota
83.2%
10Wisconsin
78.5%
7Idaho
78.3%
5Colorado
75.5%
4Wyoming
72.4%
3Utah
60.5%
Remove Ads.
Support Sporcle.
Get the best of Sporcle when you Go Orange. This ad-free experience offers more features, more stats, and more fun while also helping to support Sporcle. Thank you for becoming a member.

You're not logged in!

Compare scores with friends on all Sporcle quizzes.
OR
Log In

Show Comments

Extras

Top Quizzes Today


Score Distribution

Your Account Isn't Verified!

In order to create a playlist on Sporcle, you need to verify the email address you used during registration. Go to your Sporcle Settings to finish the process.

Report this User

Report this user for behavior that violates our Community Guidelines.

Details: